[Event "VI Open A Carnevale"]
[Site "Viareggio ITA"]
[Date "2001.02.??"]
[Round "5"]
[White "Tosoni, Augusto"]
[Black "Puliatti, Carlo"]
[Result "1-0"]
[WhiteElo "2111"]
[BlackElo "1725"]
[PlyCount "41"]
[EventDate "2001.02.16"]

1. e4 e5 2. Nf3 Nc6 3. Bb5 a6 4. Ba4 Nf6 5. O-O Be7 6. Re1 b5 7. Bb3 O-O 8. a4
Bb7 9. c3 d6 10. d4 Na5 11. Bc2 exd4 12. cxd4 c5 13. d5 Qc7 14. Bf4 Nd7 15. e5
Nxe5 16. Nxe5 dxe5 17. Bxe5 Bd6 18. Bxd6 Qxd6 19. axb5 Qxd5 20. Qxd5 Bxd5 21.
Rxa5 1-0

[Event "VI Open A Carnevale"]
[Site "Viareggio ITA"]
[Date "2001.02.??"]
[Round "5"]
[White "Vismara, Daniele"]
[Black "Bini, Lorenzo"]
[Result "1-0"]
[WhiteElo "2231"]
[BlackElo "2054"]
[PlyCount "63"]
[EventDate "2001.02.16"]

1. Nf3 g6 2. c4 Bg7 3. d4 d6 4. e4 h6 5. Be2 e6 6. Nc3 Nd7 7. Be3 Ne7 8. Qd2 a6
9. h4 Nf6 10. Nh2 b6 11. f4 Bb7 12. Bf3 d5 13. e5 Nd7 14. g4 c6 15. cxd5 cxd5
16. O-O-O b5 17. Kb1 Nb6 18. b3 Qd7 19. Rc1 O-O 20. f5 exf5 21. Bxh6 b4 22. Ne2
a5 23. Ng3 a4 24. Bxg7 Kxg7 25. gxf5 Rh8 26. f6+ Kg8 27. fxe7 axb3 28. axb3 Qb5
29. Ng4 Nd7 30. Rc2 Bc6 31. h5 Nb6 32. Nf6+ 1-0

[Event "VI Open A Carnevale"]
[Site "Viareggio ITA"]
[Date "2001.02.??"]
[Round "5"]
[White "Vujovic, Milorad"]
[Black "Scalcione, Michelangelo"]
[Result "0-1"]
[WhiteElo "2269"]
[BlackElo "2177"]
[PlyCount "86"]
[EventDate "2001.02.16"]

1. e4 e5 2. d4 exd4 3. Nf3 d6 4. Nxd4 Nf6 5. Nc3 Be7 6. Be2 O-O 7. Be3 Re8 8.
Qd2 Bf8 9. f3 d5 10. Bg5 dxe4 11. Bxf6 Qxf6 12. Nxe4 Qb6 13. O-O-O Nc6 14. Nxc6
bxc6 15. Qg5 h6 16. Qg3 Qe3+ 17. Rd2 Rd8 18. Qe1 Be6 19. Bd3 Qb6 20. Nc3 Rab8
21. b3 Ba3+ 22. Kb1 Bb4 23. Re2 Qa5 24. Kb2 Rd5 25. Bc4 Rd1 26. Nxd1 Bxe1 27.
Bxe6 Bh4 28. Bc4 Bf6+ 29. c3 Rd8 30. Rc2 Qg5 31. Re1 Rd2 32. Re8+ Kh7 33. Ne3
Rxc2+ 34. Kxc2 Qa5 35. b4 Qa3 36. Bb3 c5 37. Nd5 c4 38. Nxf6+ gxf6 39. Re7
cxb3+ 40. axb3 Qa2+ 41. Kd3 Qxb3 42. Rxc7 Qd5+ 43. Kc2 a6 0-1

[Event "VI Open A Carnevale"]
[Site "Viareggio ITA"]
[Date "2001.02.??"]
[Round "6"]
[White "Aleksic, Nenad"]
[Black "Aglietti, Graziano"]
[Result "1-0"]
[WhiteElo "2417"]
[BlackElo "2087"]
[PlyCount "68"]
[EventDate "2001.02.16"]

1. e4 c5 2. Nf3 g6 3. d4 cxd4 4. Nxd4 Bg7 5. Nc3 Nc6 6. Be3 Nf6 7. Bc4 Ne5 8.
Bb3 b6 9. f3 Ba6 10. Qd2 Nc4 11. Bxc4 Bxc4 12. O-O-O Rc8 13. Kb1 d6 14. Bh6
Bxh6 15. Qxh6 Qc7 16. Qg7 Rg8 17. Qh6 Qc5 18. Qd2 b5 19. Nb3 Bxb3 20. cxb3 Kd7
21. Rhe1 e5 22. Nxb5 Rc6 23. Nc3 Rgc8 24. Re3 Ra6 25. Rd3 Qb4 26. Qg5 Ne8 27.
Qxe5 f6 28. Qd5 Rc5 29. Qf7+ Kd8 30. Nd5 Qb5 31. Nxf6 Nxf6 32. Qxf6+ Kc8 33.
Rxd6 Rac6 34. Qd8+ Kb7 1-0

[Event "VI Open A Carnevale"]
[Site "Viareggio ITA"]
[Date "2001.02.??"]
[Round "6"]
[White "Ausmins, Elmar"]
[Black "Scalcione, Michelangelo"]
[Result "0-1"]
[WhiteElo "2335"]
[BlackElo "2177"]
[PlyCount "88"]
[EventDate "2001.02.16"]

1. d4 Nf6 2. Nf3 g6 3. c4 Bg7 4. Nc3 O-O 5. e4 d6 6. Be2 e5 7. O-O Nc6 8. d5
Ne7 9. b4 Ne8 10. c5 f5 11. Ng5 h6 12. Ne6 Bxe6 13. dxe6 fxe4 14. Nxe4 d5 15.
Ng3 c6 16. a4 Nc7 17. Bg4 Nf5 18. Bxf5 gxf5 19. Qh5 Qf6 20. e7 Rf7 21. f4 e4
22. Rb1 Re8 23. Bb2 Qe6 24. Bxg7 Kxg7 25. Qd1 a6 26. Rb3 Rexe7 27. Nh5+ Kh7 28.
Rg3 Ne8 29. h3 Nf6 30. Nxf6+ Qxf6 31. b5 axb5 32. axb5 Rg7 33. Rxg7+ Rxg7 34.
bxc6 bxc6 35. Qa4 Qb2 36. Rf2 Qc1+ 37. Kh2 Qxc5 38. Rc2 Qe3 39. Qxc6 Qxf4+ 40.
Kh1 d4 41. Qc5 e3 42. Qc4 Qe4 43. Qa2 d3 44. Rc4 d2 0-1

[Event "VI Open A Carnevale"]
[Site "Viareggio ITA"]
[Date "2001.02.??"]
[Round "6"]
[White "Bondielli, Giorgio"]
[Black "Picard, Clement"]
[Result "1-0"]
[WhiteElo "1969"]
[BlackElo "2143"]
[PlyCount "96"]
[EventDate "2001.02.16"]

1. e4 c5 2. d4 cxd4 3. c3 Nf6 4. e5 Nd5 5. cxd4 d6 6. Nf3 Nc6 7. Bc4 Nb6 8. Bb3
dxe5 9. d5 Na5 10. Nc3 Nxb3 11. Qxb3 e4 12. Ng5 Bf5 13. Be3 h6 14. Bxb6 Qxb6
15. Qxb6 axb6 16. Ngxe4 g5 17. O-O Bg7 18. Rfe1 Kd7 19. a3 Rhc8 20. Re2 Rc4 21.
Rae1 Re8 22. h3 Bg6 23. Nd2 Bxc3 24. Nxc4 Bxe1 25. Rxe1 b5 26. Ne5+ Kd6 27.
Nxg6 fxg6 28. Re6+ Kxd5 29. Rb6 Kc5 30. Rxg6 Rd8 31. Rxh6 Rd2 32. Rg6 Rxb2 33.
Rxg5+ Kc4 34. h4 Rd2 35. h5 Rd8 36. Re5 Rd3 37. Re3 Rd5 38. g4 Rg5 39. f3 e5
40. Kf2 Kd5 41. Kg3 Kd4 42. Re4+ Kd5 43. Kh4 Rg8 44. g5 Rc8 45. h6 Rc1 46. g6
Rh1+ 47. Kg5 Rg1+ 48. Kf6 Rc1 1-0

[Event "VI Open A Carnevale"]
[Site "Viareggio ITA"]
[Date "2001.02.??"]
[Round "6"]
[White "Casarosa, Michele"]
[Black "Scivales, Daniel"]
[Result "0-1"]
[WhiteElo "1732"]
[BlackElo "1916"]
[PlyCount "149"]
[EventDate "2001.02.16"]

1. e4 c6 2. d4 d5 3. Nc3 dxe4 4. Nxe4 Bf5 5. Nc5 Qc8 6. Bd3 Bg6 7. Nf3 Nd7 8.
Bxg6 hxg6 9. Nd3 Ngf6 10. Qe2 e6 11. c4 Qc7 12. Bd2 O-O-O 13. O-O-O c5 14. Kb1
cxd4 15. Nxd4 a6 16. Rc1 Nc5 17. Bf4 Qd7 18. Nxc5 Qxd4 19. Be3 Qe5 20. Na4 Nd7
21. g3 Qa5 22. Nc3 Nf6 23. c5 Nd5 24. Nxd5 Rxd5 25. c6 b5 26. Rcd1 Rhh5 27. g4
Rhe5 28. f4 Rxd1+ 29. Rxd1 Rd5 30. Rxd5 exd5 31. Bd4 Qd8 32. a4 Qe7 33. Be5 Qb4
34. g5 Qe4+ 35. Qxe4 dxe4 36. axb5 axb5 37. Kc2 f6 38. gxf6 gxf6 39. Bxf6 Kc7
40. Kd2 Bc5 41. Kc3 Kxc6 42. Bd4 Bd6 43. Be3 Kd5 44. b3 Ke6 45. Kd4 Kf5 46. Bf2
Bxf4 47. h3 Bd6 48. Kd5 Bb8 49. Kc6 Kf4 50. Kxb5 g5 51. Kc4 Kf3 52. Be1 e3 53.
Kd3 Bf4 54. b4 Kg2 55. h4 Kf1 56. hxg5 Kxe1 57. g6 e2 58. g7 Kf1 59. g8=Q e1=Q
60. Qf8 Qe2+ 61. Kd4 Qe5+ 62. Kc4 Ke2 63. Qc5 Qe6+ 64. Kb5 Kd3 65. Qc6 Qe5+ 66.
Qc5 Qb8+ 67. Qb6 Qg8 68. Qc6 Be3 69. Qd7+ Kc3 70. Qc6+ Kb3 71. Ka5 Qd8+ 72. Ka6
Bd4 73. Kb5 Qb8+ 74. Ka6 Qa7+ 75. Kb5 0-1

[Event "VI Open A Carnevale"]
[Site "Viareggio ITA"]
[Date "2001.02.??"]
[Round "6"]
[White "Corvi, Marco"]
[Black "Carzolio, Luigi"]
[Result "1-0"]
[WhiteElo "2326"]
[BlackElo "1823"]
[PlyCount "59"]
[EventDate "2001.02.16"]

1. c4 Nc6 2. Nc3 e5 3. Nf3 f5 4. d4 e4 5. Bg5 Be7 6. Bxe7 Qxe7 7. Nd5 Qd8 8.
Nd2 Nf6 9. e3 O-O 10. Be2 d6 11. O-O Ne7 12. Nxf6+ Rxf6 13. f3 exf3 14. Bxf3 c6
15. Qb3 Qb6 16. Qxb6 axb6 17. e4 fxe4 18. Nxe4 Rh6 19. Rae1 Nf5 20. Ng5 Bd7 21.
Bg4 Rf8 22. Rf4 Rg6 23. h4 Nxh4 24. Rxf8+ Kxf8 25. Rf1+ Ke8 26. Bh5 Kd8 27.
Bxg6 hxg6 28. Rf8+ Kc7 29. Rf7 Kd8 30. Rxg7 1-0

[Event "VI Open A Carnevale"]
[Site "Viareggio ITA"]
[Date "2001.02.??"]
[Round "6"]
[White "Efimov, Igor"]
[Black "Vismara, Daniele"]
[Result "0-1"]
[WhiteElo "2480"]
[BlackElo "2231"]
[PlyCount "44"]
[EventDate "2001.02.16"]

1. d4 d5 2. c4 c6 3. e3 Nf6 4. Nc3 e6 5. Nf3 Nbd7 6. Bd3 dxc4 7. Bxc4 b5 8. Bd3
Bb7 9. O-O b4 10. Na4 Be7 11. e4 O-O 12. Bg5 Rc8 13. Rc1 c5 14. Bxf6 Bxf6 15.
d5 exd5 16. exd5 g6 17. Bb5 Nb6 18. Nxc5 Bxd5 19. b3 Bc3 20. Nd7 Bxf3 21. Qxf3
Nxd7 22. Rcd1 Ne5 0-1

[Event "VI Open A Carnevale"]
[Site "Viareggio ITA"]
[Date "2001.02.??"]
[Round "6"]
[White "Lahiri, Atanu"]
[Black "Guanciale, Orazio"]
[Result "1-0"]
[WhiteElo "2394"]
[BlackElo "2156"]
[PlyCount "109"]
[EventDate "2001.02.16"]

1. d4 f5 2. Nc3 d5 3. Bg5 g6 4. e3 Nh6 5. h4 Nf7 6. Bf4 Bg7 7. Qf3 c6 8. Qg3
Qb6 9. O-O-O Nd7 10. Bc7 f4 11. Qxf4 e5 12. Bxb6 exf4 13. Bc7 fxe3 14. fxe3 Nf6
15. Nh3 Bf5 16. Bd3 Kd7 17. Bf4 Bg4 18. Rdf1 Rhf8 19. Nf2 Be6 20. Be2 h6 21. e4
dxe4 22. Nfxe4 Rae8 23. Nc5+ Kc8 24. Nxe6 Rxe6 25. Bc4 Re7 26. Re1 Rfe8 27. Bg3
Kd7 28. Rxe7+ Rxe7 29. Re1 Nd6 30. Bd3 Nh5 31. Rxe7+ Kxe7 32. Be5 Bxe5 33. dxe5
Nf7 34. Bxg6 Nf4 35. Be4 Nxe5 36. b3 Kf6 37. Kd2 Nfg6 38. g3 Ne7 39. Bg2 Ng4
40. Ne4+ Ke5 41. Nc5 Nf5 42. Nd3+ Kf6 43. Bh3 h5 44. Nf4 Nxg3 45. Nxh5+ Nxh5
46. Bxg4 Nf4 47. Bf3 Ne6 48. Bg4 Nf4 49. a4 Ke5 50. h5 Kf6 51. Ke3 Ng2+ 52. Ke4
Ne1 53. Bd1 Ng2 54. c3 Ne1 55. b4 1-0

[Event "VI Open A Carnevale"]
[Site "Viareggio ITA"]
[Date "2001.02.??"]
[Round "6"]
[White "Lasio, Millo"]
[Black "Riccio, Eros"]
[Result "0-1"]
[WhiteElo "1809"]
[BlackElo "2194"]
[PlyCount "94"]
[EventDate "2001.02.16"]

1. d4 Nf6 2. e3 c5 3. f4 cxd4 4. exd4 g6 5. Nf3 Bg7 6. c3 d6 7. Bc4 O-O 8. O-O
Qc7 9. Bb3 b5 10. Re1 e6 11. Qe2 Ba6 12. Qf2 Bb7 13. Nbd2 Nbd7 14. Ng5 Bd5 15.
Bxd5 Nxd5 16. Nde4 N7b6 17. Bd2 Nc4 18. Rab1 Rac8 19. h4 h6 20. Nh3 b4 21. Rec1
Qa5 22. cxb4 Qxa2 23. Bc3 Qb3 24. Nd2 Nxd2 25. Qxd2 Rc7 26. Nf2 Rb8 27. Ne4
Nxb4 28. Nxd6 Na2 29. Ne4 Nxc1 30. Rxc1 Qd5 31. Nc5 Rd8 32. Rd1 Rxc5 33. Kh1
Rc4 34. Qe2 Bxd4 35. Ba5 Rb8 36. Bc3 Qc5 37. Bxd4 Rxd4 38. Rf1 Qb5 39. Qf3 Qxb2
40. h5 Qb5 41. hxg6 fxg6 42. Qe3 Qh5+ 43. Kg1 Qd5 44. Qg3 Qf5 45. Qh4 Kg7 46.
g4 Qc5 47. Kh1 Rb2 0-1

[Event "VI Open A Carnevale"]
[Site "Viareggio ITA"]
[Date "2001.02.??"]
[Round "6"]
[White "Miatello, Alberto"]
[Black "Cerasoli, Mauro"]
[Result "1-0"]
[WhiteElo "1869"]
[BlackElo "1590"]
[PlyCount "107"]
[EventDate "2001.02.16"]

1. e4 d6 2. d4 g6 3. c3 Bg7 4. Bc4 Nf6 5. Qe2 O-O 6. Nf3 Bg4 7. h3 Bxf3 8. Qxf3
c6 9. Nd2 Nbd7 10. Bb3 Rc8 11. O-O c5 12. Qe2 cxd4 13. cxd4 Ne8 14. Nf3 e6 15.
e5 d5 16. Bg5 Qb6 17. Be7 Nc7 18. Ba4 Nb8 19. Bxf8 Rxf8 20. Rfc1 Nba6 21. a3
Qa5 22. Bc2 Bh6 23. Rd1 Nb8 24. b4 Qb6 25. a4 Na8 26. b5 Rc8 27. a5 Qc7 28. Ne1
Nd7 29. Ra3 Bf8 30. Ra4 Qd8 31. Rd3 Nc7 32. Rg3 Ne8 33. f4 Ng7 34. Rf3 Be7 35.
g4 Qc7 36. Qf2 Qd8 37. Ng2 Qc7 38. Ra2 Bb4 39. f5 Bxa5 40. fxg6 fxg6 41. Rf7
Rf8 42. Rxf8+ Nxf8 43. Ra1 Bb6 44. Rf1 Qe7 45. h4 Nd7 46. Qf4 a6 47. bxa6 bxa6
48. Ba4 Nf8 49. Ne3 Bd8 50. Nc2 h5 51. Nb4 Nf5 52. gxf5 Qxb4 53. fxg6 Qe7 54.
Qh6 1-0

[Event "VI Open A Carnevale"]
[Site "Viareggio ITA"]
[Date "2001.02.??"]
[Round "6"]
[White "Nelli, Luca"]
[Black "Minikh, Edouard"]
[Result "1-0"]
[WhiteElo "2184"]
[BlackElo "1816"]
[PlyCount "67"]
[EventDate "2001.02.16"]

1. c4 g6 2. Nc3 Bg7 3. g3 d6 4. Bg2 Nf6 5. Nf3 O-O 6. O-O a6 7. Rb1 Bf5 8. d3
Qd7 9. Re1 Bh3 10. Bh1 c6 11. b4 Ng4 12. Bb2 h6 13. a4 d5 14. cxd5 cxd5 15. Qb3
Rd8 16. b5 a5 17. e4 e6 18. exd5 exd5 19. Ba3 Qf5 20. Ne2 Nd7 21. Nf4 Nge5 22.
Qxd5 Nxf3+ 23. Qxf3 Ne5 24. Qxb7 Nxd3 25. Be4 Rab8 26. Qxb8 Rxb8 27. Bxf5 Bxf5
28. Nxd3 Bxd3 29. Rbc1 Bf5 30. Bd6 Rd8 31. Be5 Bf8 32. b6 Bb4 33. b7 Bxe1 34.
Rxe1 1-0

[Event "VI Open A Carnevale"]
[Site "Viareggio ITA"]
[Date "2001.02.??"]
[Round "6"]
[White "Pastorini, Mario"]
[Black "Tosoni, Augusto"]
[Result "1-0"]
[WhiteElo "2160"]
[BlackElo "2111"]
[PlyCount "102"]
[EventDate "2001.02.16"]

1. c4 b6 2. Nc3 Bb7 3. e4 e6 4. Nf3 Bb4 5. Qb3 Na6 6. d3 Ne7 7. a3 Nc5 8. Qc2
Bxc3+ 9. Qxc3 O-O 10. b4 Na6 11. Bb2 f6 12. Be2 c5 13. b5 Nc7 14. O-O e5 15.
Nxe5 fxe5 16. Qxe5 Ne8 17. Bh5 Nf6 18. f4 d6 19. Qg5 Nxh5 20. Qxh5 Ng6 21. g3
Qd7 22. Rf2 a6 23. a4 axb5 24. axb5 Rxa1+ 25. Bxa1 Ra8 26. Bb2 Ra2 27. h4 Qh3
28. Qg5 Qd7 29. h5 Nf8 30. f5 h6 31. Qg4 Nh7 32. Bxg7 Rxf2 33. Bxh6+ Kh8 34.
Kxf2 Qf7 35. Qg6 Qxg6 36. hxg6 Nf6 37. Bf8 Kg8 38. Be7 Kg7 39. Kf3 Ne8 40. g4
Bc8 41. g5 Bd7 42. Bd8 d5 43. cxd5 Bxb5 44. Bxb6 Bxd3 45. Bxc5 Nc7 46. Bd4+ Kg8
47. f6 Nxd5 48. f7+ Kf8 49. Bc5+ Ne7 50. Kf4 Be2 51. Ke5 Bh5 1-0

[Event "VI Open A Carnevale"]
[Site "Viareggio ITA"]
[Date "2001.02.??"]
[Round "6"]
[White "Picard, Romain"]
[Black "Fercec, Nenad"]
[Result "0-1"]
[WhiteElo "2213"]
[BlackElo "2455"]
[PlyCount "88"]
[EventDate "2001.02.16"]

1. e4 c5 2. Nf3 d6 3. d4 cxd4 4. Nxd4 Nf6 5. Nc3 a6 6. Be2 e5 7. Nb3 Be7 8. O-O
b6 9. Bg5 Bb7 10. Bxf6 Bxf6 11. Qd3 O-O 12. Rad1 Be7 13. Nd5 Bxd5 14. Qxd5 Nd7
15. Qd3 Qc7 16. c3 b5 17. Qe3 Nb6 18. Rd2 Rad8 19. Rfd1 f5 20. exf5 Rxf5 21.
Qh3 Rf6 22. Bf3 Rdf8 23. Be4 g6 24. Qd3 Kg7 25. Bd5 Qa7 26. Rf1 Bd8 27. Bf3 Nc4
28. Rc2 Bb6 29. Nd2 Nxd2 30. Rxd2 Bc5 31. a3 Qe7 32. Qd5 R8f7 33. Rd3 Qf8 34.
Kh1 Rf4 35. h3 e4 36. Bxe4 Rxf2 37. Rxf2 Rxf2 38. Rf3 Rf1+ 39. Kh2 Rxf3 40.
Bxf3 Qf4+ 41. Kh1 Qc1+ 42. Bd1 Qe3 43. Kh2 Qg1+ 44. Kg3 Qe1+ 0-1

[Event "VI Open A Carnevale"]
[Site "Viareggio ITA"]
[Date "2001.02.??"]
[Round "6"]
[White "Pieraccini, Carlo Alberto"]
[Black "Squarci, Franco"]
[Result "0-1"]
[WhiteElo "1736"]
[BlackElo "2052"]
[PlyCount "70"]
[EventDate "2001.02.16"]

1. d4 Nf6 2. Nf3 d5 3. e3 Bf5 4. c4 c6 5. Nc3 e6 6. Be2 Bd6 7. Ne5 Nbd7 8. f4
h5 9. O-O Bb4 10. Bd2 Be7 11. Be1 h4 12. c5 Ne4 13. Nxe4 Bxe4 14. Ng4 h3 15.
Bf3 hxg2 16. Bxg2 Bxg2 17. Kxg2 Bh4 18. Bg3 Nf6 19. Nxf6+ Qxf6 20. Qg4 Qh6 21.
Bxh4 Qxh4 22. Qxh4 Rxh4 23. Rf3 Ke7 24. Rh3 Rah8 25. Rxh4 Rxh4 26. Kg3 Rh6 27.
Rc1 Kf6 28. Rc3 Kf5 29. Rb3 Ke4 30. Rc3 Rg6+ 31. Kf2 Rh6 32. Kg3 f6 33. h4 Rg6+
34. Kh2 Rg4 35. Kh3 Rg1 0-1

[Event "VI Open A Carnevale"]
[Site "Viareggio ITA"]
[Date "2001.02.??"]
[Round "6"]
[White "Tagliagambe, Stefano"]
[Black "Vujovic, Milorad"]
[Result "1/2-1/2"]
[WhiteElo "2035"]
[BlackElo "2269"]
[PlyCount "97"]
[EventDate "2001.02.16"]

1. Nf3 b5 2. e4 a6 3. d4 e6 4. Bd3 Bb7 5. O-O Nf6 6. Qe2 Be7 7. Re1 d5 8. Nbd2
Nc6 9. c3 Na5 10. b4 Nc4 11. e5 Nd7 12. a4 Ndb6 13. a5 Nd7 14. Nf1 Nf8 15. N3d2
g5 16. Nb3 h5 17. Nc5 Bc6 18. f4 gxf4 19. Bxf4 Bg5 20. Qf2 Qe7 21. Nd2 Rg8 22.
Nxc4 bxc4 23. Bc2 Nd7 24. Rf1 Nxc5 25. bxc5 O-O-O 26. Ba4 Bxa4 27. Rxa4 Kb7 28.
Rb4+ Ka8 29. Rfb1 Bxf4 30. Qxf4 Rb8 31. Qc1 Rxb4 32. Rxb4 Qd7 33. Qb1 h4 34.
Qh7 Rb8 35. Rxb8+ Kxb8 36. Qxh4 Qa4 37. Qe1 Qxa5 38. h4 Qa2 39. Qc1 Qe2 40. c6
Kc8 41. Qa1 Kd8 42. h5 Qxh5 43. Qxa6 Qd1+ 44. Kh2 Qh5+ 45. Kg1 Qg5 46. Qa8+ Ke7
47. Qa3+ Ke8 48. Qa8+ Qd8 49. Qa3 1/2-1/2

[Event "VI Torneo Internazionale"]
[Site "Montecatini Terme ITA"]
[Date "2001.02.12"]
[Round "1"]
[White "Chatalbashev, Boris"]
[Black "Tomescu, Vlad"]
[Result "1-0"]
[WhiteElo "2509"]
[BlackElo "2427"]
[PlyCount "81"]
[EventDate "2001.02.12"]

1. d4 Nf6 2. c4 g6 3. Nc3 d5 4. Nf3 Bg7 5. Bg5 Ne4 6. cxd5 Nxg5 7. Nxg5 e6 8.
Qd2 h6 9. Nf3 exd5 10. e3 a5 11. Be2 O-O 12. O-O Bf5 13. a3 a4 14. Qd1 Bd7 15.
Nxd5 c5 16. dxc5 Bc6 17. Nb6 Ra5 18. Qc2 Qe7 19. Rac1 Rd8 20. Rfd1 Rxd1+ 21.
Bxd1 Na6 22. Qd2 Rxc5 23. Nxa4 Rd5 24. Qc2 Bxa4 25. Qxa4 Bxb2 26. Rc8+ Kh7 27.
Bc2 Qxa3 28. Qxa3 Bxa3 29. h4 Kg7 30. Bb3 Rd3 31. Bc2 Rd5 32. Nd4 Rd7 33. h5
gxh5 34. Nf5+ Kf6 35. Rh8 Rd2 36. Rxh6+ Kg5 37. f4+ Kg4 38. Nd4 Rxd4 39. exd4
Nb4 40. Be4 Bb2 41. d5 1-0

[Event "VI Torneo Internazionale"]
[Site "Montecatini Terme ITA"]
[Date "2001.02.12"]
[Round "1"]
[White "Drei, Andrea"]
[Black "Naumkin, Igor"]
[Result "0-1"]
[WhiteElo "2312"]
[BlackElo "2446"]
[PlyCount "74"]
[EventDate "2001.02.12"]

1. e4 e6 2. d4 d5 3. Nc3 Bb4 4. e5 c5 5. a3 Bxc3+ 6. bxc3 Ne7 7. h4 Nbc6 8. h5
h6 9. Nf3 Bd7 10. Bd3 Qa5 11. Bd2 c4 12. Be2 f6 13. exf6 gxf6 14. Rb1 O-O-O 15.
Qc1 Rdg8 16. Kf1 Nf5 17. Nh4 Nce7 18. g4 Nxh4 19. Rxh4 Nc6 20. Rh3 e5 21. Rg3
f5 22. gxf5 Bxf5 23. Bxh6 Rxg3 24. fxg3 Qxc3 25. Qg5 Qxc2 26. Re1 Qe4 27. Bg7
Re8 28. h6 Bh3+ 29. Kf2 Qg2+ 30. Ke3 exd4+ 31. Kd2 d3 32. Qh5 Rxe2+ 33. Rxe2
dxe2 34. h7 e1=Q+ 35. Kxe1 Qxg3+ 36. Kd2 Qf4+ 37. Kc3 Qc1# 0-1

[Event "VI Torneo Internazionale"]
[Site "Montecatini Terme ITA"]
[Date "2001.02.12"]
[Round "1"]
[White "Genocchio, Daniele"]
[Black "Mukic, Josko"]
[Result "0-1"]
[WhiteElo "2278"]
[BlackElo "2268"]
[PlyCount "62"]
[EventDate "2001.02.12"]

1. e4 d5 2. exd5 Qxd5 3. Nc3 Qa5 4. d4 c6 5. Bc4 Bf5 6. Nf3 Nf6 7. Ne5 e6 8. g4
Bg6 9. h4 Nbd7 10. Nxd7 Nxd7 11. h5 Be4 12. O-O Bd5 13. Nxd5 cxd5 14. Bd3 Bd6
15. Qf3 Qc7 16. Re1 O-O 17. Bd2 Rae8 18. Bc3 a6 19. a4 f6 20. Re2 Qc6 21. Rae1
Rf7 22. g5 fxg5 23. Bxh7+ Kf8 24. Qg2 Rf4 25. Rxe6 Rxe6 26. Rxe6 Nf6 27. Bd2
Rxd4 28. Bc3 Rd1+ 29. Be1 Bh2+ 30. Qxh2 Qxe6 31. Qb8+ Ne8 0-1

[Event "VI Torneo Internazionale"]
[Site "Montecatini Terme ITA"]
[Date "2001.02.12"]
[Round "1"]
[White "Lovric, Branko"]
[Black "Marino, Olivier"]
[Result "1-0"]
[WhiteElo "2357"]
[BlackElo "2068"]
[PlyCount "53"]
[EventDate "2001.02.12"]

1. b3 Nf6 2. Bb2 g6 3. f4 Bg7 4. Nf3 O-O 5. e3 c5 6. Be2 Nc6 7. O-O d5 8. Ne5
d4 9. Nxc6 bxc6 10. Na3 Nd5 11. Nc4 Ba6 12. Ne5 Bb7 13. exd4 cxd4 14. Bxd4 Nxf4
15. Rxf4 c5 16. Bc4 cxd4 17. Nxf7 Qb6 18. Nd8+ Kh8 19. Rxf8+ Bxf8 20. Nf7+ Kg7
21. d3 Qf6 22. Qd2 e6 23. Rf1 Qh4 24. g3 Qh5 25. Ng5 Bd5 26. Bxd5 exd5 27. Qf4
1-0

[Event "VI Torneo Internazionale"]
[Site "Montecatini Terme ITA"]
[Date "2001.02.12"]
[Round "1"]
[White "Mrdja, Milan"]
[Black "Sciortino, Massimo"]
[Result "1/2-1/2"]
[WhiteElo "2450"]
[BlackElo "2155"]
[PlyCount "32"]
[EventDate "2001.02.12"]

1. e4 e5 2. Nf3 Nc6 3. Bb5 Nge7 4. O-O g6 5. c3 Bg7 6. d4 exd4 7. cxd4 d5 8.
exd5 Nxd5 9. Re1+ Be6 10. Bxc6+ bxc6 11. Bg5 Qb8 12. Qc1 O-O 13. Bh6 Nb4 14.
Bxg7 Kxg7 15. Qc3 Nd5 16. Qc1 Nb4 1/2-1/2

[Event "VI Torneo Internazionale"]
[Site "Montecatini Terme ITA"]
[Date "2001.02.13"]
[Round "2"]
[White "Mrdja, Milan"]
[Black "Acher, Mathieu"]
[Result "1-0"]
[WhiteElo "2450"]
[BlackElo "2264"]
[PlyCount "57"]
[EventDate "2001.02.12"]

1. e4 c5 2. Nf3 e6 3. d4 cxd4 4. Nxd4 Nc6 5. Nc3 Qc7 6. f3 a6 7. Be3 Bb4 8.
Nde2 Nf6 9. a3 Be7 10. f4 b5 11. Ng3 d6 12. Bd3 h5 13. h3 Bb7 14. O-O h4 15.
Nge2 b4 16. axb4 Nxb4 17. Qe1 d5 18. e5 Ne4 19. Rc1 Rd8 20. Bxe4 dxe4 21. Qf2
Rd7 22. f5 exf5 23. Qxf5 Bc5 24. Bxc5 Qxc5+ 25. Rf2 Qc6 26. Rf4 g6 27. Qg4 Bc8
28. e6 Qxe6 29. Rxe4 1-0

[Event "VI Torneo Internazionale"]
[Site "Montecatini Terme ITA"]
[Date "2001.02.13"]
[Round "2"]
[White "Naumkin, Igor"]
[Black "Genocchio, Daniele"]
[Result "1-0"]
[WhiteElo "2446"]
[BlackElo "2278"]
[PlyCount "89"]
[EventDate "2001.02.12"]

1. d4 e6 2. c4 c5 3. d5 exd5 4. cxd5 d6 5. Nc3 g6 6. e4 Bg7 7. Nf3 a6 8. a4 Bg4
9. Be2 Bxf3 10. Bxf3 Nd7 11. O-O Ne7 12. Bg4 O-O 13. a5 f5 14. exf5 gxf5 15.
Bh3 Ng6 16. f4 Qh4 17. Qd3 c4 18. Qxc4 Rae8 19. Bd2 Nge5 20. Qc7 Nd3 21. Qxd7
Bd4+ 22. Kh1 Qf2 23. g3 Qxd2 24. Bxf5 Bg7 25. Be6+ Kh8 26. Ne4 Qe2 27. Nxd6 Rd8
28. Bg4 Rxd7 29. Bxe2 Nxf4 30. Rxf4 Rxf4 31. gxf4 Rxd6 32. Bc4 Bxb2 33. Rb1 Bc3
34. Rxb7 Rf6 35. Bd3 Rxf4 36. d6 Rd4 37. d7 Bxa5 38. Bxh7 Bd8 39. Bf5 Kg7 40.
Ra7 a5 41. Ra8 Bc7 42. Rc8 Kf6 43. Bh3 Rd1+ 44. Kg2 Rd2+ 45. Kf1 1-0

[Event "VI Torneo Internazionale"]
[Site "Montecatini Terme ITA"]
[Date "2001.02.13"]
[Round "2"]
[White "Sciortino, Massimo"]
[Black "Marino, Olivier"]
[Result "1-0"]
[WhiteElo "2155"]
[BlackElo "2068"]
[PlyCount "97"]
[EventDate "2001.02.12"]

1. e4 c5 2. Nf3 d6 3. d4 cxd4 4. Nxd4 Nf6 5. f3 e5 6. Bb5+ Bd7 7. Bxd7+ Qxd7 8.
Nf5 d5 9. Bg5 dxe4 10. Bxf6 Qxd1+ 11. Kxd1 gxf6 12. fxe4 Nc6 13. c3 Rd8+ 14.
Ke2 Rg8 15. g3 Ne7 16. Ne3 Bh6 17. Rf1 Bxe3 18. Kxe3 Rg5 19. Nd2 f5 20. Rad1
fxe4 21. Nxe4 Rxd1 22. Rxd1 Rg6 23. g4 Rb6 24. b3 Nc8 25. g5 Rc6 26. Rd5 Ne7
27. Rxe5 Kd8 28. c4 h6 29. h4 hxg5 30. hxg5 b6 31. Nf6 Rd6 32. Nd5 Nc6 33. Rf5
Re6+ 34. Kd2 Ne5 35. Kc3 Kd7 36. Nf4 Re7 37. Nd3 Nc6 38. Rd5+ Kc7 39. Kd2 Re4
40. Rf5 Re7 41. Nf4 Kb7 42. Nd5 Rd7 43. Kc3 Nd8 44. Re5 Kc6 45. Re8 Ne6 46. g6
Ng7 47. Ne7+ Kd6 48. gxf7 Rxe7 49. Rd8+ 1-0

[Event "VI Torneo Internazionale"]
[Site "Montecatini Terme ITA"]
[Date "2001.02.13"]
[Round "2"]
[White "Tomescu, Vlad"]
[Black "Drei, Andrea"]
[Result "1-0"]
[WhiteElo "2427"]
[BlackElo "2312"]
[PlyCount "57"]
[EventDate "2001.02.12"]

1. e4 c5 2. Nf3 Nc6 3. d4 cxd4 4. Nxd4 Nf6 5. Nc3 e5 6. Ndb5 d6 7. a4 a6 8. Na3
Be6 9. Bg5 Be7 10. Bxf6 Bxf6 11. Bc4 Rc8 12. Nd5 O-O 13. O-O Bg5 14. c3 Kh8 15.
Qe2 g6 16. Rad1 Na5 17. Ba2 f5 18. b4 Nc6 19. exf5 gxf5 20. Nb6 Qxb6 21. Bxe6
Rce8 22. Nc4 Qc7 23. Rxd6 Qe7 24. Qh5 Rd8 25. Rfd1 Rxd6 26. Rxd6 Rd8 27. Bxf5
e4 28. Rxd8+ Nxd8 29. Ne5 1-0

[Event "VI Torneo Internazionale"]
[Site "Montecatini Terme ITA"]
[Date "2001.02.13"]
[Round "2"]
[White "Voiska, Margarita"]
[Black "Chatalbashev, Boris"]
[Result "1-0"]
[WhiteElo "2320"]
[BlackElo "2509"]
[PlyCount "73"]
[EventDate "2001.02.12"]

1. c4 b6 2. Nc3 Bb7 3. Nf3 e6 4. g3 f5 5. Bg2 Nf6 6. O-O Bb4 7. Qb3 a5 8. d3
Na6 9. Qc2 O-O 10. b3 Qe8 11. a3 Bd6 12. Nb5 Be7 13. Bb2 Qh5 14. Qc3 Rae8 15.
Rae1 c6 16. Nbd4 Bd6 17. e4 c5 18. Nb5 Bb8 19. Ne5 Re7 20. f4 d6 21. Nf3 fxe4
22. dxe4 Bxe4 23. Qd2 Bc6 24. Ng5 Bxb5 25. Rxe6 Rxe6 26. Nxe6 Bd7 27. Nxf8 Kxf8
28. Bxf6 gxf6 29. Bb7 Qf7 30. Bxa6 Bc6 31. Re1 d5 32. cxd5 Qxd5 33. Qxd5 Bxd5
34. Rd1 Bxb3 35. Rd8+ Ke7 36. Rxb8 c4 37. Rxb6 1-0